000 00299nam a22001337a 4500
008 171012b xxu||||| |||| 00| 0 eng d
020 _a9780131850804
041 _aeng
080 _28TH
_a316
100 _a50
101 _aSOC
245 _aTHE MEANING OF SOCIOLOGY
_cCHARON.J.M
942 _2udc
_cBK
999 _c33384
_d33384